00723nam a2200253 a 4500001001300000003000900013005001700022008004100039020000900080082001700089100002600106245006000132260003100192300000900223500003500232505001000267650001500277650002400292700002600316902000800342942000700350952009700357999001500454nice12345678IN_TiNIC20260116012509.0050524s1983 dela grp 000 0 eng  ac1500a230.046bBRO aBrown, Robert Mc Afee aTheology in a New Keyb Responding to Liberation Themes aDelhibLithouse Pub.c1983 a212p aincludes index and biblioraphy2 aIndex aLiberation aLiberation-Theology1 aBrown, Robert Mc Afee bSRS cBK 00104070aHMIbHMId2007-06-13g15.00l0o230.046 BROp012441r2007-06-13w2026-01-16yEB c7240d7240